Music Quiz

Random Music or Lyrics Quiz

Lyrics: Sheep by Pink Floyd Quiz Stats

 Plays Quiz not verified by Sporcle

Score 0/233 Timer 07:00
0 Plays Today
Lyrics % Correct
a
97.8%
a
97.8%
A
97.8%
a
97.8%
the
97%
the
97%
You
97%
you
97%
the
97%
you
97%
the
97%
the
97%
The
97%
the
97%
the
97%
the
97%
the
97%
the
97%
you
97%
the
97%
The
97%
You
97%
the
97%
you
97%
I
94%
I
94%
I
94%
do
92.5%
do
92.5%
your
89.6%
your
89.6%
and
88.8%
and
88.8%
and
88.8%
and
88.8%
And
88.8%
and
88.8%
And
88.8%
out,
88.1%
be
88.1%
out
88.1%
out
88.1%
in
86.6%
in
86.6%
dogs
86.6%
in
86.6%
in
86.6%
dogs
86.6%
are
85.8%
are
85.8%
are
85.8%
of
83.6%
better
83.6%
There
83.6%
not
83.6%
not
83.6%
of
83.6%
of
83.6%
not
83.6%
of
83.6%
of
83.6%
of
83.6%
better
83.6%
of
83.6%
what
82.8%
What
82.8%
What
82.8%
what
82.8%
No,
82.8%
no
82.8%
to
82.8%
to
82.8%
on
82.8%
to
82.8%
on
82.8%
to
82.8%
lo,
81.3%
Lo,
81.3%
Lyrics % Correct
watch
79.9%
may
79.1%
about.
79.1%
they
79.1%
they
79.1%
is
79.1%
is
79.1%
He
76.9%
He
76.9%
He
76.9%
He
76.9%
He
76.9%
He
76.9%
away;
73.9%
get
73.9%
for
73.9%
want
73.9%
For
73.9%
Get
73.9%
want
73.9%
real.
73.1%
time
72.4%
grassland
72.4%
we
72.4%
we
72.4%
seem.
71.6%
seem.
71.6%
have
70.9%
Things
70.9%
things
70.9%
this
70.9%
dream.
70.9%
dream.
70.9%
Have
70.9%
you're
70.9%
look
70.1%
danger's
69.4%
pretending
67.2%
into
67.2%
me
67.2%
me
67.2%
me
67.2%
me
67.2%
into
67.2%
as
67.2%
eyes.
66.4%
eyes
66.4%
passing
65.7%
dead!
64.9%
surprise?
64.2%
bad
64.2%
told.
64.2%
Lord
63.4%
stay
63.4%
my
62.7%
With
62.7%
my
62.7%
with
62.7%
if
62.7%
his
61.9%
air.
61.2%
Down
61.2%
valley
61.2%
steel.
61.2%
down
61.2%
scream.
60.4%
home
60.4%
Harmlessly
59.7%
leadeth
59.7%
road
59%
seen
58.2%
shall
58.2%
shall
58.2%
neck
58.2%
up,
57.5%
certain
56.7%
unease
56.7%
well
56.7%
Lyrics % Correct
we'll
56.7%
fell
56.7%
Only
56%
aware
56%
over
55.2%
Jordan,
55.2%
dimly
54.5%
follow
54.5%
shepherd,
54.5%
I've
53.7%
looked
53.7%
shock
53.7%
news?
53.7%
corridors
53%
babbling
53%
heard
53%
leader
52.2%
maketh
52.2%
make
52.2%
really
51.5%
Wave
51.5%
wave
51.5%
terminal
50.7%
Bleating
50.7%
upon
50.7%
trodden
50%
old.
49.3%
Now
48.5%
obscurity
48.5%
grow
48.5%
avengers
47.8%
demented
47%
March
45.5%
then
42.5%
cheerfully
42.5%
Meek
40.3%
water.
40.3%
lie
39.6%
obedient
38.1%
lamb
38.1%
green
36.6%
karate,
36.6%
bugger's
36.6%
cutlets,
35.8%
rise
35.8%
makes
35.1%
art
34.3%
pastures
33.6%
hooks
32.1%
hath
31.3%
When
31.3%
hang
29.9%
Master
29.9%
Through
27.6%
Through
27.6%
high
26.1%
great
26.1%
great
26.1%
great
26.1%
by.
25.4%
soul.
25.4%
places.
25.4%
knives
24.6%
releaseth
23.9%
cometh
23.1%
quiet
23.1%
power,
22.4%
waters
21.6%
converteth
21.6%
day
21.6%
hunger.
20.9%
bright
17.2%
dedication
17.2%
silent
16.4%
reflection,
15.7%
ones,
14.2%
lowly
12.7%

You're not logged in!

Compare scores with friends on all Sporcle quizzes.
Join for Free
OR
Log In

You Might Also Like...

Show Comments

Extras

Top Quizzes Today


Score Distribution

Your Account Isn't Verified!

In order to create a playlist on Sporcle, you need to verify the email address you used during registration. Go to your Sporcle Settings to finish the process.

Report this User

Report this user for behavior that violates our Community Guidelines.

Details: